000 00477 a2200157 4500
005 20250617170403.0
020 _a978-1-118-84418-2
082 _a005.133 MAS
100 _aMASSARON, L.
245 _aPython for Data Science for Dummies.
260 _aCanada,
_bJohn Wiley,
_c2015.
300 _axii, 418p.: ill.; figure ,graph, table.
_bIndex.
_c24cm.
700 _aMUELLER, J.P.
856 _yAccess online book
_fComputer
_dhttp://www.wiley.com/go/permissions
942 _2ddc
_cBKS
999 _c167
_d167